TEEHNIQWS IN BIOCHEMISTRY (Record no. 7066)
[ view plain ]
| 000 -LEADER | |
|---|---|
| fixed length control field | 00330nam a2200145Ia 4500 |
| 008 - FIXED-LENGTH DATA ELEMENTS--GENERAL INFORMATION | |
| fixed length control field | 150301s2015 xx 000 0 und d |
| 082 ## - DEWEY DECIMAL CLASSIFICATION NUMBER | |
| Classification number | 612.015 |
| Item number | T10D |
| 100 ## - MAIN ENTRY--PERSONAL NAME | |
| Personal name | T, DEVRSENA |
| 245 ## - TITLE STATEMENT | |
| Title | TEEHNIQWS IN BIOCHEMISTRY |
| 250 ## - EDITION STATEMENT | |
| Edition statement | IST |
| 260 ## - PUBLICATION, DISTRIBUTION, ETC. (IMPRINT) | |
| Name of publisher, distributor, etc. | AHYA BOOK COMP |
| 300 ## - PHYSICAL DESCRIPTION | |
| Extent | 192 |
| 650 ## - SUBJECT ADDED ENTRY--TOPICAL TERM | |
| Topical term or geographic name as entry element | BIOCHEMISTRY |
| 942 ## - ADDED ENTRY ELEMENTS (KOHA) | |
| Source of classification or shelving scheme | Dewey Decimal Classification |
| Koha item type | Books |
| Withdrawn status | Lost status | Source of classification or shelving scheme | Damaged status | Not for loan | Collection code | Home library | Current library | Date acquired | Source of acquisition | Cost, normal purchase price | SGTU | Bill Number | Total Checkouts | Full call number | Barcode | Date last seen | Date last checked out | Bill Date | Koha item type |
|---|---|---|---|---|---|---|---|---|---|---|---|---|---|---|---|---|---|---|---|
| Dewey Decimal Classification | PHARMACY | SGT FA-FP Library | SGT FA-FP Library | 02/07/2015 | ABC DELHI | 295.00 | SGTU | 492 | 1 | 612.015 T10D | FP141 | 22/08/2025 | 22/08/2025 | 24/11/2014 | Books |